000
00149 a2200073 4500
020
_a
0799325031
082
_a
0940011006
245
_a
WASDOM VAN DIE LIEFDE
999
_c
789035
_d
789034
942
_w
13411
_x
Bongani Makatu
_y
13411
_z
Bongani Makatu